Vocabulaire musical par lettre - D - Statistiques

Statistiques générales
  • Ce quiz a été pris 19 fois
  • Le résultat moyen est 5 sur 15
Statistiques - réponses
Hint Réponse % Correct
Formation de deux musiciens (ou deux pupitres) duo
89%
Lorsque le volume diminue decrescendo / diminuendo
74%
Réhausse la note qui suit d'un demi-ton dièse
53%
Il donne le La3 diapason
47%
Pas le double, mais la moitié d'une croche (un nom pas très intuitif...) double croche
47%
C'est la première lecture d'une partition déchiffrage
42%
Silence qui dure l'équivalent d'une croche demi-soupir
37%
Désigne une quarte, quinte ou octave rétrécie d'un demi-ton diminuée
26%
Qualifie une gamme aux sons de plus en plus bas descendante
21%
C'est le cinquième degré de la gamme, sa septième est sûrement une des celles les plus utilisées dans tous les styles musicaux dominante
16%
Des notes espacées de plus d'un ton les unes des autres disjointes
11%
Indique qu'il faut revenir au début et s'arrêter à l'inscription "Fine" Da Capo al Fine
5%
Nom du deuxième mode de la gamme majeure, il ressemble à une gamme mineure dorien
5%
Lorsque le rythme (binaire) "deux croches" s'incruste dans le mode ternaire ! duolet
5%
La répétition d'une note à différentes octaves dans un accord doublure
0%
Aucun quiz correspondant
Distribution des résultats
% des personnes avec chaque résultat
Percentile par nombre de réponses
Votre historique - résultats
Vous n’avez pas pris ce quiz